The Vuca Company (Record no. 94487)
[ view plain ]
| 000 -LEADER | |
|---|---|
| fixed length control field | 00602nam a2200205Ia 4500 |
| 005 - DATE AND TIME OF LATEST TRANSACTION | |
| control field | 20250416171127.0 |
| 008 - FIXED-LENGTH DATA ELEMENTS--GENERAL INFORMATION | |
| fixed length control field | 230125s9999 xx 000 0 und d |
| 020 ## - INTERNATIONAL STANDARD BOOK NUMBER | |
| International Standard Book Number | 9788184956627 |
| 041 ## - LANGUAGE CODE | |
| Language code of text/sound track or separate title | eng |
| 082 ## - DEWEY DECIMAL CLASSIFICATION NUMBER | |
| Classification number | 658 |
| Item number | ABI/JOS |
| 100 ## - MAIN ENTRY--PERSONAL NAME | |
| Author | Abidi S |
| 245 ## - TITLE STATEMENT | |
| Title | The Vuca Company |
| Remainder of title | How Indian Companies have faced Volatility Uncertainty Complexity & Ambiguity |
| 260 ## - PUBLICATION, DISTRIBUTION, ETC. | |
| Date of publication, distribution, etc. | 2015 |
| Name of publisher, distributor, etc. | Jaico Publishing House |
| Place of publication, distribution, etc. | Mumbai |
| 300 ## - PHYSICAL DESCRIPTION | |
| Extent | 283p |
| 500 ## - GENERAL NOTE | |
| Keywords | General Management<br/> |
| 500 ## - GENERAL NOTE | |
| Keywords | VUCA |
| 650 ## - SUBJECT ADDED ENTRY--TOPICAL TERM | |
| Topical term or geographic name entry element | General Management;VUCA |
| 700 ## - ADDED ENTRY--PERSONAL NAME | |
| Personal name | Abidi S & Joshi M |
| 942 ## - ADDED ENTRY ELEMENTS (KOHA) | |
| Koha item type | Books |
| Withdrawn status | Lost status | Damaged status | Not for loan | Home library | Current library | Date acquired | Vendor | Bill number | Total Checkouts | Full call number | Barcode | Date last seen | Date last checked out | Bill Date | Koha item type | Original Barcode | Net Price | Actual Price |
|---|---|---|---|---|---|---|---|---|---|---|---|---|---|---|---|---|---|---|
| Smt. Hiraben Nanavati Institute of Management & Research for Women | Smt. Hiraben Nanavati Institute of Management & Research for Women | 03/02/2017 | Suyog Enterprises | 3715 | 1 | 658 ABI/JOS B14985 | HIMR-BK-14985 | 11/10/2023 | 04/10/2023 | 27/01/2017 | Books | B14985 | ||||||
| Smt. Hiraben Nanavati Institute of Management & Research for Women | Smt. Hiraben Nanavati Institute of Management & Research for Women | 06/03/2019 | Pritam Book Centre | 10783 | 658 ABI/JOS B18439 | HIMR-BK-18439 | 25/01/2023 | 06/03/2019 | Books | B18439 | 399.00 | 372.00 | ||||||
| Smt. Hiraben Nanavati Institute of Management & Research for Women | Smt. Hiraben Nanavati Institute of Management & Research for Women | 16/02/2019 | Pritam Book Centre | 10773 | 1 | 658 ABI/JOS B18399 | HIMR-BK-18399 | 22/05/2025 | 14/05/2025 | 15/02/2018 | Books | B18399 | 399.00 | 372.00 |